Aciotis, Acisanthera, Marcetia, Microlepis, Pterolepis e Siphanthera (Melastomataceae, Melastomeae) no Estado do Paraná, Brasil (Registro n. 329307)
[ somente texto ]
| 000 -LÍDER | |
|---|---|
| fixed length control field | 02996nab a2200265 i 4500 |
| 003 - CÓDIGO MARC DA AGÊNCIA CATALOGADORA | |
| Campo de controle | BR-BrBNA |
| 005 - DATA E HORA DA ÚLTIMA ATUALIZAÇÃO | |
| Campo de controle | 20241217132327.0 |
| 008 - CAMPO DE TAMANHO FIXO | |
| fixed length control field | 241217b2012 bl.qr|pooa||| 00| 0 por | |
| 040 ## - FONTE DA CATALOGAÇÃO | |
| Agência catalogadora | BR-BrBNA |
| Idioma da catalogação | por |
| 072 ## - CATEGORIA AGRIS | |
| Código AGRIS | F70 |
| 100 ## - ENTRADA PRINCIPAL - NOME PESSOAL | |
| Nome pessoal | Meyer, Fabrício Schmitz |
| 100 ## - ENTRADA PRINCIPAL - NOME PESSOAL | |
| Nome pessoal | Goldenberg, Renato |
| 245 ## - TÍTULO PRINCIPAL | |
| Título principal | Aciotis, Acisanthera, Marcetia, Microlepis, Pterolepis e Siphanthera (Melastomataceae, Melastomeae) no Estado do Paraná, Brasil |
| 500 ## - NOTA GERAL | |
| Nota geral | Publicação on-line; 28 ref.; 3 illus.; Summaries (En, Pt) |
| 942 ## - ADDED ENTRY ELEMENTS (KOHA) | |
| Koha item type | Analítica |
| 520 ## - NOTA DE RESUMO | |
| Nota de conteúdo | <br/><br/>Resumo<br/><br/>Os gêneros Aciotis D.Don, Acisanthera P. Browne, Marcetia DC., Microlepis (DC.) Miq., Pterolepis (DC.)<br/>Miq., Siphanthera Pohl ex DC., além de Tibouchina Aubl., são os representantes da tribo Melastomeae no<br/>estado do Paraná. À exceção do último, cada um apresenta apenas uma espécie no estado, respectivamente:<br/>Aciotis paludosa (Mart. ex DC.) Triana, Acisanthera variabilis (DC.) Triana, Marcetia taxifolia (A.St.-Hil.)<br/>DC., Microlepis oleifolia (DC.) Triana, Pterolepis glomerata (Rottb.) Miq. e Siphanthera cordata Pohl ex<br/>DC. Os registros de Microlepis e Siphanthera são os primeiros para estes gêneros no Paraná e região Sul.<br/>Neste trabalho foi elaborado um tratamento taxonômico para as espécies de Melastomeae no Estado, exceto<br/>para Tibouchina. São fornecidas chave de identificação, descrições dos gêneros e espécies, comentários<br/>taxonômicos, ilustrações, informações sobre distribuição geográfica e listagens de materiais examinados.<br/><br/>Palavras-chave: Melastomataceae, Melastomeae, taxonomia. |
| 520 ## - NOTA DE RESUMO | |
| Nota de conteúdo | <br/><br/>Abstract<br/><br/>The genera Aciotis D.Don, Acisanthera P. Browne, Marcetia DC., Microlepis (DC.) Miq., Pterolepis (DC.)<br/>Miq., Siphanthera Pohl ex DC., and Tibouchina Aubl. represent the tribe Melastomeae in the state of Paraná.<br/>Except for Tibouchina, each has only one species occurring in the state, respectively: Aciotis paludosa (Mart.<br/>ex DC.) Triana, Acisanthera variabilis (DC.) Triana, Marcetia taxifolia (A.St.-Hil.) DC., Microlepis oleifolia<br/>(DC.) Triana, Pterolepis glomerata (Rottb.) Miq. and Siphanthera cordata Pohl ex DC. Microlepis and<br/>Siphanthera are cited for the first time in Paraná and in southern Brazil. In this article we present a taxonomic<br/>treatment for the species of tribe Melastomeae in the state, except for those of Tibouchina, with an illustrated<br/>identification key, descriptions, information on distribution and taxonomy, and collectors’ lists.<br/><br/>Key-words: Melastomataceae, Melastomeae, taxonomy. |
| 650 ## - ASSUNTO - THESAGRO | |
| Cabeçalho tópico ou nome geográfico | MELASTOMATACEAE |
| 650 ## - ASSUNTO - THESAGRO | |
| Cabeçalho tópico ou nome geográfico | TAXONOMIA |
| 650 ## - ASSUNTO - THESAGRO | |
| Cabeçalho tópico ou nome geográfico | COMPOSIÇÃO BOTÂNICA |
| 650 ## - ASSUNTO - THESAGRO | |
| Cabeçalho tópico ou nome geográfico | ESPÉCIE |
| 773 0# - ENTRADA ANALÍTICA | |
| Host Biblionumber | 709 |
| Registro do item | 347374 |
| Imprenta | Rio de Janeiro-RJ Jardim Botanico do Rio de Janeiro 1935 |
| Outro identificador | 2024-8368 |
| Título | Rodriguésia (Brazil) |
| ISSN | 0370-6583; 2175-7860 on-line |
| Colação | v. 63(2) p. 293-303; (2012) |
| Número de controle de registro | BR2024002908 |
| 856 ## - ACESSO E ENDEREÇO ELETRÔNICO | |
| Identificador uniforme de recurso - URI | https://www.scielo.br/j/rod/a/bG7kytpgwVkyByhxPZ4c7fJ/?format=pdf&lang=pt |
Nenhum exemplar disponível.

BINAGRI